| 000 | 00768nam a2200241Ia 4500 | ||
|---|---|---|---|
| 001 | 8938 | ||
| 003 | GE_BSU | ||
| 008 | 181216s||||||||xx |||||||||||||| ||und|| | ||
| 040 | _cGE_BSU | ||
| 080 | _a821.353.1-31 | ||
| 100 | _aკვიცარიძე, დავით | ||
| 245 | _aმწვანე ქალაქი.წ.2 | ||
| 245 | _bრომანი:წიგნი მეორე | ||
| 245 | _cრედ:ნ.ახალკაცი;მხატვ:.ო.ქანდარია | ||
| 260 | _aთბილისი. | ||
| 260 | _bმერანი. | ||
| 260 | _c1986. | ||
| 300 | _a436გვ;22სმ. | ||
| 300 | _bპორტრეტი. | ||
| 653 | _aმწვანე ქალაქი | ||
| 653 | _aრომანი | ||
| 942 | _cBK | ||
| 999 |
_c42243 _d42243 |
||